Los documentos de transporte en las reglas y usos uniformes relativos a los crďitos documentarios /

Detalles Bibliográficos
Autor principal: Guerrero Lebrn̤, Mara̕ Jess︢
Formato: Libro
Lenguaje:español
Publicado: Madrid : EDR, D.L. 2001.
Colección:Cuadernos mercantiles (Editoriales de Derecho Reunidas)
Materias:
Acceso en línea:Acceso restringido

MARC

LEADER 00000cam a2200000 i 4500
005 20110701104721.0
008 011227s2001 sp 000 0 spa d
017 |a D.L.M.29821-01 
020 |a 848494011X 
035 |a 1624 
040 |a SpMaUCDE  |d BUS  |d vLex 
080 |a 341.96:347.745 
090 |c 2120  |d 2120 
100 1 |a Guerrero Lebrn̤, Mara̕ Jess︢. 
245 1 4 |a Los documentos de transporte en las reglas y usos uniformes relativos a los crďitos documentarios /  |c Mara̕ Jess︢ Guerrero Lebrn̤ ; prl̤ogo de Guillermo J. Jimňez Sǹchez.  |h [Recurso electrn̤ico] 
256 0 |a Servicio en ln̕ea. 
260 |a Madrid :  |b EDR,  |c D.L. 2001. 
300 |a 234 p. ;  |c 20 cm. 
490 1 |a Cuadernos mercantiles;  |v 2 
500 |a Apňdice legislativo  
504 |a Bibliog. 
506 1 |a Contenido solo disponible en los productos indicados  |d vLex Global  |d vLex Global (Academic Edition, excluding Law Schools)  |d vLex Global (U.S. Academic Edition, Law Schools)  |d vLex Global (U.S. Academic Edition, excluding Law Schools)  |d vLex Global (Academic Edition, Law Schools) 
650 |a Ambiental  |2 Tesauro vLex 
650 |2 Tesauro vLex  |a Crďito documentario 
740 0 |a vLex Libros (Servicio en ln̕ea) 
830 0 |a Cuadernos mercantiles (Editoriales de Derecho Reunidas) 
856 4 0 |u http://vlex.com/source/transporte-creditos-documentarios-1624  |z Acceso restringido 
942 |c BOOK